Statistics for Name a Valid Country

Click here to take the quiz!

General Stats

  • This quiz has been taken 1,618 times
  • The average score is 13 of 20

Answer Stats

Name a country... Answer % Correct
that borders AfghanistanPakistan, Iran, Turkmenistan ...
99%
whose capital city is on the MediterraneanAlgeria, Tunisia, Libya, Lebanon ...
93%
that begins with OOman
91%
that is entirely surrounded by another countryLesotho, Vatican City, San Marino
91%
that claims territory in AntarcticaAustralia, New Zealand, UK, France ...
85%
that has hosted the Summer Olympics in the 21st centuryGreece, China, UK, Brazil
83%
that still officially calls itself a communist stateChina, Vietnam, Laos, Cambodia
80%
whose capital city is below 35° southAustralia, New Zealand
78%
that has a non-rectangular flagNepal
71%
in which the US does not have an embassyNorth Korea, Iran, Bhutan ...
69%
that has territory in all three major oceansUnited Kingdom, France
69%
whose government was overthrown in the Arab SpringTunisia, Egypt, Yemen
68%
that is an absolute monarchySaudi Arabia, Qatar, Brunei ...
65%
that was uninhabited until after 1000 ADNew Zealand, Cape Verde, Seychelles
57%
that generates more than half its power from nuclear energyFrance, Ukraine, Slovakia, Hungary
57%
that is doubly landlockedLiechtenstein, Uzbekistan
51%
that still has a commercial whaling fleetJapan, Iceland, Norway
51%
that has 50 or more UNESCO World Heritage sitesChina, Italy
49%
where divorce is illegalVatican City, Philippines
21%
that is named after a womanSt Lucia
12%

Score Distribution

Percentile by Number Answered

Percent of People with Each Score

Your Score History

You have not taken this quiz